000 00640nam a2200205Ii 4500
003 JO-AjNU
008 230606s9999||||xx |||||||||||||| ||und||
020 _a978-433-03054-7
040 _aJO-AjNU
_beng
_erda
_cJO-AjNU
041 _aeng
050 1 4 _aTA444 2015
100 3 _aCombe, Ulrich Haussler,
_eauthor
_95101
245 0 0 _aComputational Methods for Reinforced Concrete Structures
264 3 1 _aWiley :ernet sohn ,2015
300 _a2639p
336 _atext
_btxt
_2rdacontent
337 _aunmediated
_bn
_2rdamedia
338 _avolume
_bnc
_2rdacarrier
650 4 _aComputational Methods-Reinforced Concrete Structures
_95102
999 _aE2638
_c2636
_d2636